Statistics for General Knowledge Quiz #138

Click here to take the quiz!

General Stats

  • This quiz has been taken 35,399 times
    (14,163 since last reset)
  • The average score is 13 of 20

Answer Stats

QuestionAnswer% Correct
Who followed a white rabbit down a hole?Alice
95%
What movie would have been more accurately titled "Cretaceous Park"?Jurassic Park
92%
What is either a chess piece or a religious leader?Bishop
91%
Whose chocolate factory did Charlie Bucket visit?Willy Wonka's
85%
Great Britain is the largest island in Europe. What is the second largest?Iceland
78%
What is Volkswagen's all-time best-selling car model?Volkswagen Beetle
77%
What shape is a teepee?Cone
76%
What city was home to the largest library in the ancient world?Alexandria
75%
What type of bird resembles a large crow?Raven
70%
What comes next in this sequence: million, billion, trillion?Quadrillion
68%
What country is geographically closest to Australia?Papua New Guinea
68%
In the electromagnetic spectrum, what type of waves are more energetic than X-Rays?Gamma Rays
65%
What ancient Greek sculpture has famously lost her arms?Venus de Milo
63%
What is the world's largest society for high-IQ individuals?Mensa
63%
What religious group is known for wearing turbans and for carrying small daggers?Sikhs
57%
What type of event are Sotheby's and Christie's known for running?Auction
52%
What is both the name of a famous magician and a book by Charles Dickens?David Copperfield
49%
What event's results were predicted by a "psychic" octopus?2010 FIFA World Cup
49%
What country had the most murders in 2018, according to official statistics?Brazil
44%
What 1961 movie featured the song "Moon River"?Breakfast at Tiffany's
26%

Score Distribution

Percentile by Number Answered

Percent of People with Each Score

Your Score History

You have not taken this quiz since the last reset